Normal view
MARC view
Entry Nombre personal
001 - NÚMERO DE CONTROL
- campo de control: 133860
003 - IDENTIFICADOR DE NÚMERO DE CONTROL
- campo de control: OSt
005 - FECHA Y HORA DE LA ÚLTIMA TRANSACCIÓN
- campo de control: 20250927110725.0
008 - ELEMENTOS DE DATO DE LONGITUD-FIJA
- campo de control de longitud fija: 080222 b azznnaaan n bnc d
040 ## - FUENTE DE CATALOGACIÓN
- Centro catalogador/agencia de origen: OSt
- Centro/agencia transcriptor: OSt
100 1# - ENCABEZAMIENTO-NOMBRE DE PERSONA
- Nombre de persona: Walckenaer, Charles Athanase,
- Fechas asociadas al nombre: 1771-1852
400 1# - TRAZADO DE VÉASE--NOMBRE DE PERSONA
- Nombre de persona: Walckenaer, Carles Athanase (
- Fechas asociadas al nombre: 1771-1852)
400 1# - TRAZADO DE VÉASE--NOMBRE DE PERSONA
- Nombre de persona: Walckenaer, C. A. (
- Fechas asociadas al nombre: 1771-1852)
